[Event "Titled Tuesday intern op 27th Apr"]
[Site "Chess.com INT"]
[Date "2021.04.27"]
[Round "1"]
[White "Bures, Vit"]
[Black "Khatanbaatar, Bazar"]
[Result "0-1"]
[WhiteElo "2119"]
[BlackElo "2322"]
[PlyCount "64"]
[EventDate "2021.04.27"]
[EventType "swiss (blitz)"]
[EventRounds "11"]
[EventCountry "USA"]
[SourceTitle "CBM 202 Extra"]
[Source "ChessBase"]
[SourceDate "2021.07.31"]
[SourceVersion "1"]
[SourceVersionDate "2021.07.31"]
[SourceQuality "1"]

1. d4 d5 2. c4 c6 3. Nc3 Nf6 4. e3 e6 5. Nf3 Nbd7 6. Bd3 dxc4 7. Bxc4 b5 8. Bd3 Bb7 9. e4 b4 10. Na4 c5 11. e5 Nd5 12. 0-0 cxd4 13. Re1 Be7 14. Nxd4 0-0 15. Qg4 Nc5 16. Bh6 g6 17. Nxc5 Bxc5 18. Bxf8 Qxf8 19. Nb3 Bb6 20. Rac1 Rd8 21. Be4 a5 22. Red1 a4 23. Nd2 a3 24. bxa3 h5 25. Qh4 Nc3 26. Bxb7 Ne2+ 27. Kh1 Nxc1 28. axb4 Nd3 29. Ne4 Bxf2 30. Qg5 Bb6 31. Nf6+ Kh8 32. Rf1 Nf2+ 0-1

[Event "Titled Tuesday intern op 27th Apr"]
[Site "Chess.com INT"]
[Date "2021.04.27"]
[Round "8"]
[White "Khatanbaatar, Bazar"]
[Black "Abdrlauf, Elham"]
[Result "1-0"]
[WhiteElo "2322"]
[BlackElo "2338"]
[PlyCount "137"]
[EventDate "2021.04.27"]
[EventType "swiss (blitz)"]
[EventRounds "11"]
[EventCountry "USA"]
[SourceTitle "CBM 202 Extra"]
[Source "ChessBase"]
[SourceDate "2021.07.31"]
[SourceVersion "1"]
[SourceVersionDate "2021.07.31"]
[SourceQuality "1"]

1. e4 c6 2. d4 d5 3. f3 e6 4. Be3 Nf6 5. e5 Nfd7 6. c3 c5 7. f4 Nc6 8. Nf3 b5 9. Bxb5 Qb6 10. Qa4 Bb7 11. Nbd2 c4 12. 0-0 Rb8 13. Rab1 a6 14. Bxc6 Bxc6 15. Qc2 Qc7 16. f5 Be7 17. fxe6 fxe6 18. Bg5 Qd8 19. Bxe7 Qxe7 20. h4 h6 21. Qg6+ Kd8 22. b3 cxb3 23. axb3 Kc7 24. b4 Bb5 25. Rfc1 Nb6 26. Nb3 Nc4 27. Nc5 Rb6 28. Ne1 Ne3 29. Ned3 Rf8 30. Re1 Nf5 31. h5 Nh4 32. Qg4 Rf5 33. Nf4 Bd7 34. Rf1 Kc8 35. Rf2 Rc6 36. Rbf1 Rxc5 37. bxc5 Kc7 38. Ng6 Qd8 39. Nxh4 Rg5 40. Qh3 Rxh5 41. Qg3 Qxh4 42. Qxh4 Rxh4 43. Rf7 Rg4 44. Re7 Kd8 45. Ref7 Kc7 46. Rb1 a5 47. Rb6 a4 48. Rd6 a3 49. Rfxd7+ Kc8 50. Ra7 a2 51. Rxa2 Kb7 52. Raa6 Rf4 53. Rab6+ Kc8 54. Rxe6 Rf7 55. Rbd6 Ra7 56. Rxd5 Ra1+ 57. Kh2 h5 58. Re7 g5 59. Rg7 g4 60. Rd6 h4 61. Rxg4 h3 62. Kxh3 Kc7 63. Rf6 Rh1+ 64. Kg3 Kd7 65. Rg7+ Ke8 66. Ra7 Rb1 67. Rb6 Kd8 68. Rxb1 Kc8 69. Rh1 1-0

[Event "Titled Tuesday intern op 27th Apr"]
[Site "Chess.com INT"]
[Date "2021.04.27"]
[Round "10"]
[White "Khatanbaatar, Bazar"]
[Black "Indjic, Aleksandar"]
[Result "1/2-1/2"]
[WhiteElo "2322"]
[BlackElo "2607"]
[PlyCount "142"]
[EventDate "2021.04.27"]
[EventType "swiss (blitz)"]
[EventRounds "11"]
[EventCountry "USA"]
[SourceTitle "CBM 202 Extra"]
[Source "ChessBase"]
[SourceDate "2021.07.31"]
[SourceVersion "1"]
[SourceVersionDate "2021.07.31"]
[SourceQuality "1"]

1. e4 c5 2. Nf3 Nc6 3. Bb5 e6 4. 0-0 Nge7 5. d4 cxd4 6. Nxd4 a6 7. Bxc6 bxc6 8. c4 d6 9. Nc3 e5 10. Nde2 Ng6 11. Be3 Be6 12. b3 Be7 13. Qd2 0-0 14. Rfd1 Qc7 15. Rac1 Rad8 16. Ng3 Rfe8 17. Na4 Qb7 18. Qe2 d5 19. c5 Bf8 20. Qf3 f6 21. h3 Qf7 22. Nf5 Kh8 23. Nb6 d4 24. Bd2 Qb7 25. Na4 Qb5 26. g3 Kg8 27. h4 Nh8 28. g4 Nf7 29. Kh2 g6 30. Ng3 Bg7 31. Rg1 Kh8 32. h5 Ng5 33. Bxg5 fxg5 34. hxg6 hxg6 35. Kg2 Kg8 36. Qd1 Rf8 37. Qd2 Rf4 38. f3 d3 39. Rc3 Rdf8 40. Rf1 Rd8 41. Nb2 Bf8 42. Nxd3 Rf6 43. Qxg5 Bg7 44. Qe3 Rdf8 45. Rf2 Qb8 46. Rcc2 R6f7 47. Qg5 Bf6 48. Qh6 Rh7 49. Qe3 Kh8 50. Rf1 Kg7 51. Rcc1 Rfh8 52. Rh1 Bh4 53. Ne2 Qc7 54. Nf2 Qe7 55. Nh3 Kf7 56. Rcd1 Bf6 57. Rd6 Rh4 58. Nf2 Rxh1 59. Nxh1 Bg5 60. Qc3 Qf6 61. Nf2 Bf4 62. Nh3 Qh4 63. Nexf4 exf4 64. Nxf4 Qh2+ 65. Kf1 Qh1+ 66. Ke2 Rh2+ 67. Ke3 Qg1+ 68. Kd3 Qd1+ 69. Ke3 Qg1+ 70. Kd3 Qd1+ 71. Ke3 Qg1+ 1/2-1/2

[Event "Ulaanbaatar Chess Day"]
[Site "Ulaanbaatar"]
[Date "2020.09.27"]
[Round "8"]
[White "Batsuren, Dambasuren"]
[Black "Khatanbaatar, Bazar"]
[Result "1-0"]
[WhiteElo "2481"]
[BlackElo "2318"]
[PlyCount "61"]
[EventDate "2020.09.22"]
[EventType "tourn"]
[EventRounds "9"]
[EventCountry "MGL"]
[SourceTitle "CBM 198 Extra"]
[Source "ChessBase"]
[SourceDate "2020.11.30"]
[SourceVersion "1"]
[SourceVersionDate "2020.11.30"]
[SourceQuality "1"]

1. d4 Nf6 2. c4 g6 3. Nc3 Bg7 4. e4 d6 5. Be3 0-0 6. f3 c6 7. Nge2 a6 8. a4 a5 9. Ng3 Na6 10. Be2 Nb4 11. 0-0 h5 12. e5 dxe5 13. dxe5 Qxd1 14. Raxd1 Ne8 15. Bc5 Bxe5 16. Bxe7 Nc2 17. Rd8 Bc7 18. Rd2 Ne3 19. Re1 Be6 20. c5 Ng7 21. Bxf8 Kxf8 22. Nge4 Bf4 23. g3 Bh6 24. f4 Ngf5 25. Ng5 Bb3 26. Bd3 Bg7 27. Bxf5 Nxf5 28. Rd7 Bd4+ 29. Kg2 Bxc5 30. Rxb7 Bc4 31. b3 1-0

[Event "Titled Tuesday intern op 16th June"]
[Site "Chess.com INT"]
[Date "2020.06.16"]
[Round "7"]
[White "Khatanbaatar, Bazar"]
[Black "Bachmann, Axel"]
[Result "0-1"]
[WhiteElo "2318"]
[BlackElo "2599"]
[PlyCount "80"]
[EventDate "2020.06.16"]
[EventType "swiss (blitz)"]
[EventRounds "10"]
[EventCountry "USA"]
[SourceTitle "EXT 2021"]
[Source "ChessBase"]
[SourceDate "2020.10.23"]
[SourceVersion "1"]
[SourceVersionDate "2020.10.23"]
[SourceQuality "1"]

1. e4 Nc6 2. Nf3 d6 3. h3 Nf6 4. Nc3 e5 5. d4 exd4 6. Nxd4 g6 7. Be3 Bg7 8. Qd2 0-0 9. 0-0-0 Re8 10. f3 Nxd4 11. Bxd4 Be6 12. Kb1 a6 13. g4 c5 14. Bf2 Qa5 15. Nd5 Qxd2 16. Nxf6+ Bxf6 17. Rxd2 Rad8 18. c4 Be5 19. Be3 f5 20. Bg5 Rd7 21. f4 Bd4 22. exf5 gxf5 23. gxf5 Bxf5+ 24. Bd3 Bxd3+ 25. Rxd3 Re2 26. Rb3 Rg7 27. Ka1 h6 28. Bxh6 Rgg2 29. Rb1 b5 30. cxb5 c4 31. Rb4 c3 32. a4 c2 33. Rc1 Be3 34. bxa6 Bxc1 35. a7 Bxb2+ 36. Ka2 c1Q 37. a8Q+ Kh7 38. Rb7+ Bg7+ 39. Kb3 Rb2+ 40. Ka3 Qa1# 0-1

[Event "Titled Tuesday intern op 16th June"]
[Site "Chess.com INT"]
[Date "2020.06.16"]
[Round "8"]
[White "Van Dael, Siem"]
[Black "Khatanbaatar, Bazar"]
[Result "0-1"]
[WhiteElo "2293"]
[BlackElo "2318"]
[PlyCount "85"]
[EventDate "2020.06.16"]
[EventType "swiss (blitz)"]
[EventRounds "10"]
[EventCountry "USA"]
[SourceTitle "EXT 2021"]
[Source "ChessBase"]
[SourceDate "2020.10.23"]
[SourceVersion "1"]
[SourceVersionDate "2020.10.23"]
[SourceQuality "1"]

1. e4 c5 2. Nf3 d6 3. d4 cxd4 4. Nxd4 Nf6 5. Nc3 a6 6. Bg5 e6 7. f4 Qb6 8. Qd2 Qxb2 9. Rb1 Qa3 10. e5 dxe5 11. fxe5 Nfd7 12. Ne4 Qxa2 13. Rd1 h6 14. Bh4 Qd5 15. Qe3 Qxe5 16. Be2 Bc5 17. Bg3 Bxd4 18. Rxd4 Qa5+ 19. Rd2 0-0 20. Bd6 Re8 21. 0-0 Qb6 22. Nc5 Nc6 23. Rxf7 Kxf7 24. Bh5+ Kg8 25. Bxe8 Nf6 26. Rf2 Qd8 27. Bxc6 Qxd6 28. Ne4 Nxe4 29. Bxe4 Bd7 30. Qf3 Bc6 31. Qf7+ Kh8 32. Bd3 e5 33. Qf5 e4 34. Bxe4 Qd1+ 35. Rf1 Qd4+ 36. Kh1 Qxe4 37. Qf2 Re8 38. h3 a5 39. Qg3 a4 40. Kh2 Qe5 41. Rf4 a3 42. Rf8+ Kh7 43. Rf4 0-1

[Event "Ulaanbaatar IM"]
[Site "Ulaanbaatar"]
[Date "2020.02.06"]
[Round "10"]
[White "Khatanbaatar, Bazar"]
[Black "Munkhgal, Gombosuren"]
[Result "0-1"]
[WhiteElo "2329"]
[BlackElo "2473"]
[PlyCount "62"]
[EventDate "2020.01.31"]
[EventType "tourn"]
[EventRounds "10"]
[EventCountry "MGL"]
[EventCategory "6"]
[SourceTitle "CBM 194 Extra"]
[Source "ChessBase"]
[SourceDate "2020.03.31"]
[SourceVersion "1"]
[SourceVersionDate "2020.03.31"]
[SourceQuality "1"]

1. e4 e6 2. d4 d5 3. Nc3 Bb4 4. e5 c5 5. a3 Bxc3+ 6. bxc3 Ne7 7. Qg4 Qc7 8. Qxg7 Rg8 9. Qxh7 cxd4 10. Ne2 dxc3 11. f4 Nbc6 12. Qd3 d4 13. Nxd4 Nxd4 14. Qxd4 Bd7 15. Rb1 Nf5 16. Qf2 Qc6 17. Rg1 Qe4+ 18. Qe2 Qd4 19. Qf2 Qe4+ 20. Qe2 Qd5 21. Qd3 Qc5 22. Rh1 Bc6 23. Rb3 Rd8 24. Qxc3 Qe7 25. Qh3 Qc5 26. Qc3 Qd5 27. Bd2 Rxg2 28. Bxg2 Qxg2 29. Rf1 Nd4 30. Rf2 Qh1+ 31. Rf1 Qe4+ 0-1

[Event "SCO op"]
[Site "Qingdao"]
[Date "2019.09.22"]
[Round "4"]
[White "Darini, Pouria"]
[Black "Khatanbaatar, Bazar"]
[Result "1-0"]
[WhiteElo "2428"]
[BlackElo "2347"]
[PlyCount "101"]
[EventDate "2019.09.19"]
[EventType "swiss"]
[EventRounds "9"]
[EventCountry "CHN"]
[SourceTitle "EXT 2020"]
[Source "ChessBase"]
[SourceDate "2019.10.17"]
[SourceVersion "1"]
[SourceVersionDate "2019.10.17"]
[SourceQuality "1"]

1. e4 c5 2. Nf3 d6 3. d4 cxd4 4. Nxd4 Nf6 5. Nc3 a6 6. h3 e5 7. Nde2 b5 8. Ng3 Bb7 9. Bg5 Nbd7 10. Nh5 Qa5 11. Bxf6 Nxf6 12. Nxf6+ gxf6 13. Bd3 b4 14. Ne2 Rg8 15. Ng3 f5 16. Nxf5 Rxg2 17. Ng3 Rxg3 18. fxg3 Qc5 19. Qe2 Bh6 20. Rf1 Rc8 21. Qf2 Rc7 22. Qxc5 dxc5 23. b3 Be3 24. a3 Bd4 25. Ra2 c4 26. bxc4 a5 27. axb4 axb4 28. Rf5 Kf8 29. g4 h6 30. Ke2 Bc8 31. Rf6 Kg7 32. Rd6 h5 33. gxh5 Bxh3 34. h6+ Kh7 35. Raa6 Bg4+ 36. Kd2 Bh5 37. Rac6 Bc3+ 38. Kc1 Ra7 39. Ra6 Rc7 40. Kb1 Bg6 41. Rdc6 Re7 42. c5 Bd4 43. Rc8 Bh5 44. c6 Bg4 45. Rb8 Rc7 46. Bc4 Kxh6 47. Rb7 Rc8 48. Rxf7 Kg5 49. Rg7+ Kh5 50. Rxg4 Rf8 51. Rg8 1-0

[Event "SCO op"]
[Site "Qingdao"]
[Date "2019.09.21"]
[Round "3"]
[White "Khatanbaatar, Bazar"]
[Black "Idani, Pouya"]
[Result "1/2-1/2"]
[WhiteElo "2347"]
[BlackElo "2586"]
[PlyCount "98"]
[EventDate "2019.09.19"]
[EventType "swiss"]
[EventRounds "9"]
[EventCountry "CHN"]
[SourceTitle "EXT 2020"]
[Source "ChessBase"]
[SourceDate "2019.10.17"]
[SourceVersion "1"]
[SourceVersionDate "2019.10.17"]
[SourceQuality "1"]

1. e4 c5 2. Nf3 d6 3. Bb5+ Nc6 4. 0-0 Bd7 5. Re1 Nf6 6. Na3 e5 7. c3 a6 8. Bf1 Be7 9. h3 0-0 10. d4 cxd4 11. cxd4 Nxd4 12. Nxd4 exd4 13. Qxd4 Bc6 14. Bg5 Re8 15. f3 h6 16. Bh4 b5 17. Nc2 d5 18. e5 Nd7 19. Bxe7 Qxe7 20. Qf2 Nc5 21. Nd4 Bd7 22. Rac1 Rac8 23. a3 g6 24. Qe3 Qh4 25. f4 Ne4 26. Bd3 Nc5 27. Nf3 d4 28. Nxh4 dxe3 29. Rxe3 Be6 30. Be2 Na4 31. Rxc8 Rxc8 32. b4 Rc1+ 33. Kf2 Nc3 34. Nf3 Nd5 35. Re4 Ra1 36. Rd4 Rxa3 37. g4 Nc3 38. Bd3 Ra2+ 39. Kg3 Ne2+ 40. Bxe2 Rxe2 41. Rd8+ Kg7 42. Nd4 Re3+ 43. Kf2 Rxh3 44. Nxe6+ fxe6 45. Rd7+ Kf8 46. Rd6 Ke7 47. Rxa6 Rb3 48. Ra7+ Ke8 49. Rg7 Rxb4 1/2-1/2

[Event "Ulaanbaatar Ikh Nuudel op"]
[Site "Ulaanbaatar"]
[Date "2016.10.01"]
[Round "4"]
[White "Khatanbaatar, Bazar"]
[Black "Gundavaa, Bayarsaihan"]
[Result "1-0"]
[WhiteElo "2345"]
[BlackElo "2492"]
[PlyCount "79"]
[EventDate "2016.09.29"]
[EventType "swiss"]
[EventRounds "9"]
[EventCountry "MGL"]
[SourceTitle "CBM 174 Extra"]
[Source "ChessBase"]
[SourceDate "2016.10.10"]
[SourceVersion "1"]
[SourceVersionDate "2016.10.10"]
[SourceQuality "1"]

1. e4 c5 2. Nf3 d6 3. Bb5+ Nd7 4. d4 cxd4 5. Qxd4 a6 6. Bxd7+ Bxd7 7. c4 Nf6 8. Bg5 h6 9. Bxf6 gxf6 10. 0-0 Rg8 11. Kh1 Rc8 12. Nc3 Qc7 13. b3 e6 14. Rac1 Qc5 15. Qd2 Qh5 16. Nd4 Qg5 17. f4 Qc5 18. f5 Be7 19. a4 h5 20. Nce2 e5 21. Nf3 Bc6 22. b4 Qb6 23. a5 Qd8 24. Nc3 Rg4 25. Qe3 h4 26. h3 Rf4 27. b5 axb5 28. cxb5 Bxe4 29. Nxe4 d5 30. Ned2 Rxc1 31. Rxc1 Qxa5 32. Nxe5 fxe5 33. Qxe5 Rf2 34. Nf3 Qd8 35. f6 Qd6 36. Qxe7+ Qxe7 37. fxe7 Kxe7 38. Rc7+ Kd6 39. Rxb7 f5 40. b6 1-0

[Event "Ulaanbaatar Ikh Nuudel"]
[Site "Ulaanbaatar"]
[Date "2016.09.25"]
[Round "5"]
[White "Munkhgal, Gombosuren"]
[Black "Khatanbaatar, Bazar"]
[Result "1-0"]
[WhiteElo "2446"]
[BlackElo "2345"]
[PlyCount "61"]
[EventDate "2016.09.22"]
[EventType "tourn"]
[EventRounds "9"]
[EventCountry "MGL"]
[EventCategory "8"]
[SourceTitle "CBM 174 Extra"]
[Source "ChessBase"]
[SourceDate "2016.10.10"]
[SourceVersion "1"]
[SourceVersionDate "2016.10.10"]
[SourceQuality "1"]

1. d4 Nf6 2. c4 g6 3. Nc3 Bg7 4. Nf3 0-0 5. g3 c5 6. Bg2 cxd4 7. Nxd4 Nc6 8. 0-0 Nxd4 9. Qxd4 d6 10. Qd2 Rb8 11. b3 Bd7 12. Bb2 Bc6 13. e4 a6 14. Rad1 b5 15. e5 Bxg2 16. exf6 Bxf1 17. fxg7 Re8 18. Rxf1 bxc4 19. bxc4 Qc8 20. Nd5 Qxc4 21. Re1 Qxa2 22. Rxe7 Rec8 23. Re2 Qxb2 24. Qxb2 Rxb2 25. Rxb2 Kxg7 26. Rb6 a5 27. Rxd6 Ra8 28. Nc3 a4 29. Rd2 a3 30. Ra2 Ra5 31. Nb1 1-0

[Event "Ulaanbaatar Ikh Nuudel"]
[Site "Ulaanbaatar"]
[Date "2016.09.23"]
[Round "2"]
[White "Khatanbaatar, Bazar"]
[Black "Munguntuul, Batkhuyag"]
[Result "1/2-1/2"]
[WhiteElo "2345"]
[BlackElo "2428"]
[PlyCount "129"]
[EventDate "2016.09.22"]
[EventType "tourn"]
[EventRounds "9"]
[EventCountry "MGL"]
[EventCategory "8"]
[SourceTitle "CBM 174 Extra"]
[Source "ChessBase"]
[SourceDate "2016.10.10"]
[SourceVersion "1"]
[SourceVersionDate "2016.10.10"]
[SourceQuality "1"]

1. e4 c5 2. Nf3 e6 3. g3 Nc6 4. Bg2 Nf6 5. Qe2 d5 6. exd5 Nxd5 7. 0-0 Bd6 8. Rd1 0-0 9. d4 Qe7 10. c4 Nf6 11. dxc5 Bxc5 12. Nc3 h6 13. a3 Rd8 14. Rxd8+ Qxd8 15. Bf4 Qe7 16. b4 e5 17. bxc5 exf4 18. Qxe7 Nxe7 19. Ne5 fxg3 20. hxg3 Nd7 21. Nxd7 Bxd7 22. Bxb7 Rb8 23. Ba6 Rb3 24. Nd5 Kf8 25. Nb4 Rc3 26. Rd1 Ke8 27. Rd3 Rxd3 28. Nxd3 Nc6 29. Bb5 Kd8 30. Nb4 Kc7 31. Nd5+ Kb7 32. f4 a6 33. Ba4 Ne5 34. Bb3 Nd3 35. Bc2 Nxc5 36. Kf2 Kc6 37. Ke3 Kd6 38. Kd4 Bc6 39. Ne3 Ne6+ 40. Kc3 Kc5 41. Ng4 Nd4 42. Bd3 f6 43. Nf2 h5 44. Bf1 Nf5 45. g4 Ne3 46. Bh3 h4 47. Nd3+ Kb6 48. Kd4 Nc2+ 49. Kc3 Nxa3 50. Nf2 Kc5 51. Nd3+ Kd6 52. Nf2 g5 53. fxg5 fxg5 54. Kb3 Nb1 55. Kc2 Na3+ 56. Kb3 Kc5 57. Kxa3 Kxc4 58. Bf1+ Kd4 59. Nh3 Ke3 60. Nxg5 Kf4 61. Nf7 Bd5 62. Nh6 Be6 63. Nf5 Kxg4 64. Nxh4 Kxh4 65. Bxa6 1/2-1/2

[Event "Ulaanbaatar Ikh Nuudel"]
[Site "Ulaanbaatar"]
[Date "2016.09.22"]
[Round "1"]
[White "Fominyh, Alexander"]
[Black "Khatanbaatar, Bazar"]
[Result "1/2-1/2"]
[WhiteElo "2422"]
[BlackElo "2345"]
[PlyCount "61"]
[EventDate "2016.09.22"]
[EventType "tourn"]
[EventRounds "9"]
[EventCountry "MGL"]
[EventCategory "8"]
[SourceTitle "CBM 174 Extra"]
[Source "ChessBase"]
[SourceDate "2016.10.10"]
[SourceVersion "1"]
[SourceVersionDate "2016.10.10"]
[SourceQuality "1"]

1. d4 d5 2. c4 c6 3. Nf3 Nf6 4. cxd5 cxd5 5. Nc3 Nc6 6. Bf4 Bf5 7. e3 e6 8. Bd3 Bxd3 9. Qxd3 Bd6 10. Bxd6 Qxd6 11. h3 0-0 12. 0-0 a6 13. Rfc1 b5 14. a3 Na5 15. Nd2 Nc4 16. Rc2 Rfc8 17. Rac1 Qd8 18. a4 Nxd2 19. Qxd2 b4 20. Ne2 a5 21. Rxc8 Rxc8 22. Rxc8 Qxc8 23. Qc1 Qc4 24. b3 Qxc1+ 25. Nxc1 Kf8 26. Kf1 Ke7 27. Ke2 Kd6 28. Nd3 Nd7 29. g4 g5 30. f3 f6 31. Ke1 1/2-1/2